مكتبة جامعة عجلون الوطنية

فهرس بحث المكتبة

Business intelligence, analytics, data science, and AI / (Record no. 33845)

MARC details
000 -LEADER
fixed length control field 02302cam a22003978i 4500
001 - CONTROL NUMBER
control field 23034942
003 - CONTROL NUMBER IDENTIFIER
control field JO-AjAnu
005 - DATE AND TIME OF LATEST TRANSACTION
control field 20241110095408.0
008 - FIXED-LENGTH DATA ELEMENTS--GENERAL INFORMATION
fixed length control field 230325s2023 nju b 001 0 eng
010 ## - LIBRARY OF CONGRESS CONTROL NUMBER
LC control number 2023012978
020 ## - INTERNATIONAL STANDARD BOOK NUMBER
International Standard Book Number 9780137931286
Qualifying information (paperback)
040 ## - CATALOGING SOURCE
Original cataloging agency LBSOR
Language of cataloging eng
Description conventions rda
Transcribing agency LBSOR
Modifying agency DLC
-- JO-AjAnu
042 ## - AUTHENTICATION CODE
Authentication code pcc
050 00 - LIBRARY OF CONGRESS CALL NUMBER
Classification number HD38.7
Item number .B8714 2024
082 00 - DEWEY DECIMAL CLASSIFICATION NUMBER
Classification number 658.4/72
Edition number 23/eng/20230522
100 1# - MAIN ENTRY--PERSONAL NAME
Personal name Sharda, Ramesh,
Relator term author.
240 10 - UNIFORM TITLE
Uniform title Business intelligence
245 10 - TITLE STATEMENT
Title Business intelligence, analytics, data science, and AI /
Statement of responsibility, etc. Ramesh Sharda, Dursun Delen, Efraim Turban.
250 ## - EDITION STATEMENT
Edition statement Fifth edition.
263 ## - PROJECTED PUBLICATION DATE
Projected publication date 2306
264 #1 - PRODUCTION, PUBLICATION, DISTRIBUTION, MANUFACTURE, AND COPYRIGHT NOTICE
Place of production, publication, distribution, manufacture Boston :
Name of producer, publisher, distributor, manufacturer Pearson,
Date of production, publication, distribution, manufacture, or copyright notice [2024]
300 ## - PHYSICAL DESCRIPTION
Extent pages cm
336 ## - CONTENT TYPE
Content type term text
Content type code txt
Source rdacontent
337 ## - MEDIA TYPE
Media type term unmediated
Media type code n
Source rdamedia
338 ## - CARRIER TYPE
Carrier type term volume
Carrier type code nc
Source rdacarrier
504 ## - BIBLIOGRAPHY, ETC. NOTE
Bibliography, etc. note Includes bibliographical references and index.
505 0# - FORMATTED CONTENTS NOTE
Formatted contents note An overview of business intelligence, analytics, and data science -- Descriptive analytics I : nature of data, statistical modeling, and visualization -- Descriptive analytics II : business intelligence and data warehousing -- Predictive analytics I : data mining process, methods, and algorithms -- Predictive analytics II : text, web, and social media analytics -- Prescriptive analytics : optimization and simulation -- Big data concepts and tools -- Future trends, privacy and managerial considerations in analytics.
520 ## - SUMMARY, ETC.
Summary, etc. "Analytics, Data Science, and Artificial Intelligence (AI) have become the technology drivers of today. All major companies and organizations are creating new organizational units focused on analytics to help them become more effective and efficient in their operations. Decision makers are using more computerized tools to support their work, and even consumers are using analytics tools, either directly or indirectly, to make decisions on routine activities such as shopping, health/healthcare, travel, and entertainment"--
Assigning source Provided by publisher.
650 #0 - SUBJECT ADDED ENTRY--TOPICAL TERM
Topical term or geographic name entry element Business intelligence.
650 #0 - SUBJECT ADDED ENTRY--TOPICAL TERM
Topical term or geographic name entry element Industrial management.
9 (RLIN) 2871
700 1# - ADDED ENTRY--PERSONAL NAME
Personal name Delen, Dursun,
Relator term author.
700 1# - ADDED ENTRY--PERSONAL NAME
Personal name Turban, Efraim,
Relator term author.
906 ## - LOCAL DATA ELEMENT F, LDF (RLIN)
a 7
b cbc
c orignew
d 1
e ecip
f 20
g y-gencatlg
942 ## - ADDED ENTRY ELEMENTS (KOHA)
Source of classification or shelving scheme Library of Congress Classification
Koha item type Books
Suppress in OPAC No
Holdings
Withdrawn status Lost status Source of classification or shelving scheme Damaged status Not for loan Home library Current library Date acquired Total Checkouts Full call number Barcode Date last seen Price effective from Koha item type
    Library of Congress Classification     مكتبة جامعة عجلون الوطنية مكتبة جامعة عجلون الوطنية 10/11/2024   HD38.7.B8714 2024 e4007 10/11/2024 10/11/2024 Books
    Library of Congress Classification     مكتبة جامعة عجلون الوطنية مكتبة جامعة عجلون الوطنية 10/11/2024   HD38.7.B8714 2024 e4008 10/11/2024 10/11/2024 Books